Literature and life/ (Record no. 140719)

MARC details
000 -LEADER
fixed length control field 00657cam a2200217u 4500
008 - FIXED-LENGTH DATA ELEMENTS--GENERAL INFORMATION
fixed length control field
049 ## - LOCAL HOLDINGS (OCLC)
Holding library MAIN
090 ## - LOCALLY ASSIGNED LC-TYPE CALL NUMBER (OCLC); LOCAL CALL NUMBER (RLIN)
Classification number (OCLC) (R) ; Classification number, CALL (RLIN) (NR) PR1109
Local cutter number (OCLC) ; Book number/undivided call number, CALL (RLIN) MIL.
003 - CONTROL NUMBER IDENTIFIER
control field
005 - DATE AND TIME OF LATEST TRANSACTION
control field 20230123125406.0
040 ## - CATALOGING SOURCE
Transcribing agency NUST
100 ## - MAIN ENTRY--PERSONAL NAME
Personal name Miles. Dudley.
245 00 - TITLE STATEMENT
Title Literature and life/
Statement of responsibility, etc. Dudley Miles and Christine M Keck.
260 ## - PUBLICATION, DISTRIBUTION, ETC.
Place of publication, distribution, etc. Chicago :
Name of publisher, distributor, etc. Scott Foresman and company
Date of publication, distribution, etc. 1947.
300 ## - PHYSICAL DESCRIPTION
Extent xii, 588 p. :
Other physical details ill. ;
Dimensions 23 cm.
504 ## - BIBLIOGRAPHY, ETC. NOTE
Bibliography, etc. note Includes bibliographical references.
650 #0 - SUBJECT ADDED ENTRY--TOPICAL TERM
Topical term or geographic name entry element Literature
General subdivision Study and teaching.
700 1# - ADDED ENTRY--PERSONAL NAME
Personal name Keck, Christine M.
907 ## - LOCAL DATA ELEMENT G, LDG (RLIN)
a .b10307813
b 29-10-13
c 15-02-12
942 ## - ADDED ENTRY ELEMENTS (KOHA)
Koha item type Ordinary Loan Books
Call number prefix PR1109
Call number suffix MIL.
Holdings
Date last seen Total Checkouts Full call number Barcode Cost, replacement price Price effective from Koha item type Lost status Source of classification or shelving scheme Damaged status Not for loan Collection Withdrawn status Home library Current library Shelving location Date acquired Cost, normal purchase price
01/23/2023 1 PR1109 MIL 92004030901 80.00 01/23/2023 BOOKS   LCC   1 NFIC   MAIN MAIN GEN 01/23/2023 80.00